| 000 | 00485nam a2200169 i 4500 | ||
|---|---|---|---|
| 001 | 42902 | ||
| 003 | ES-MaACL | ||
| 005 | 20240211063455.0 | ||
| 007 | t| | ||
| 008 | 030314s1908 po ||||1| por d | ||
| 100 | 1 |
_aCastro, Eugenio de, _d1869-1944 _936850 |
|
| 245 | 1 | 2 |
_aA ponte do satyro e outros poemas / _cpor Eugenio de Castro. |
| 260 |
_aCoimbra : _bF. França Amado, _c1908. |
||
| 300 |
_a110 p. ; _c18 cm. |
||
| 852 |
_aES-MaACL _jG-10408 |
||
| 999 |
_c42902 _d42902 |
||